<?xml version="1.0" encoding="UTF-8"?>
<record
    xmlns:xsi="http://www.w3.org/2001/XMLSchema-instance"
    xsi:schemaLocation="http://www.loc.gov/MARC21/slim http://www.loc.gov/standards/marcxml/schema/MARC21slim.xsd"
    xmlns="http://www.loc.gov/MARC21/slim">

  <leader>01899nam a2200241 a 4500</leader>
  <controlfield tag="001">000015940</controlfield>
  <controlfield tag="005">20200929164217.0</controlfield>
  <controlfield tag="008">100222s1983    dr            001 0 spa d</controlfield>
  <datafield tag="040" ind1=" " ind2=" ">
    <subfield code="a">DO-SdBNP</subfield>
    <subfield code="b">spa</subfield>
    <subfield code="c">BNPHU</subfield>
  </datafield>
  <datafield tag="082" ind1=" " ind2=" ">
    <subfield code="a">355.825119</subfield>
    <subfield code="b">A347v, 1983</subfield>
  </datafield>
  <datafield tag="100" ind1="1" ind2=" ">
    <subfield code="a">Alc&#xE1;ntara, An&#xED;bal</subfield>
    <subfield code="9">6633</subfield>
  </datafield>
  <datafield tag="245" ind1="1" ind2="4">
    <subfield code="a">Las v&#xED;ctimas de una posible hoguera nuclear /</subfield>
    <subfield code="c">An&#xED;bal Alc&#xE1;ntara.</subfield>
  </datafield>
  <datafield tag="250" ind1=" " ind2=" ">
    <subfield code="a">2&#xAA; ed.</subfield>
  </datafield>
  <datafield tag="260" ind1=" " ind2=" ">
    <subfield code="a">Santo Domingo :</subfield>
    <subfield code="b">Taller,</subfield>
    <subfield code="c">1983.</subfield>
  </datafield>
  <datafield tag="300" ind1=" " ind2=" ">
    <subfield code="a">138 p. ;</subfield>
    <subfield code="c">21 cm.</subfield>
  </datafield>
  <datafield tag="504" ind1=" " ind2=" ">
    <subfield code="a">Bibliograf&#xED;a: p.133-136.</subfield>
  </datafield>
  <datafield tag="505" ind1="0" ind2=" ">
    <subfield code="g">Introducci&#xF3;n --</subfield>
    <subfield code="t">El &#xC1;tomo --</subfield>
    <subfield code="t">Historia del uranio --</subfield>
    <subfield code="t">El uranio como posible combustible nuclear --</subfield>
    <subfield code="t">La planta nuclear --</subfield>
    <subfield code="t">Los desechos nucleares --</subfield>
    <subfield code="t">Los desechos que produce el carb&#xF3;n mineral --</subfield>
    <subfield code="t">Los accidentes nucleares --</subfield>
    <subfield code="t">&#xBF;Ser&#xE1; posible una guerra nuclear por accidente? --</subfield>
    <subfield code="t">La radioactividad --</subfield>
    <subfield code="t">La proliferaci&#xF3;n de las armas nucleares y sus consecuencias --</subfield>
    <subfield code="t">Pa&#xED;ses que tienen el privilegio de pertenecer al Club de los "Poseedores de Armas Nucleares" --</subfield>
    <subfield code="t">Pa&#xED;ses con capacidad t&#xE9;cnica para desarrollar bomba nuclear y que posiblemente ya la poseen --</subfield>
    <subfield code="t">La ciencia y sus frutos --</subfield>
    <subfield code="t">Los sat&#xE9;lites --</subfield>
    <subfield code="t">El Pacto de Varsovia y el Pacto de la OT&#xC1;N --</subfield>
    <subfield code="t">Europa - Las armas t&#xE1;cticas o de teatros y las complicadas negociaciones sobre la reducci&#xF3;n de las armas de corto y mediano alcance --</subfield>
    <subfield code="t">Las fuerzas estrat&#xE9;gicas --</subfield>
    <subfield code="t">Desarme, o por lo menos control de las armas nucleares --</subfield>
    <subfield code="t">El jugoso negocio de la exportaci&#xF3;n de equipos militares por parte de los pa&#xED;ses ricos en desmedro de los pobres --</subfield>
    <subfield code="t">Consecuencias de una guerra nuclear --</subfield>
    <subfield code="t">Peligro de una guerra nuclear --</subfield>
    <subfield code="t">La defensa civil en la eventualidad de una guerra nuclear --</subfield>
    <subfield code="g">Bibliograf&#xED;a.</subfield>
  </datafield>
  <datafield tag="590" ind1=" " ind2=" ">
    <subfield code="a">Inventariado, 2018/ YL</subfield>
  </datafield>
  <datafield tag="650" ind1=" " ind2="4">
    <subfield code="a">Armas nucleares</subfield>
    <subfield code="9">7434</subfield>
  </datafield>
  <datafield tag="650" ind1=" " ind2="4">
    <subfield code="a">Guerra nuclear</subfield>
    <subfield code="9">35824</subfield>
  </datafield>
  <datafield tag="650" ind1=" " ind2="4">
    <subfield code="a">Control de la crisis nuclear</subfield>
    <subfield code="9">35825</subfield>
  </datafield>
  <datafield tag="910" ind1=" " ind2=" ">
    <subfield code="a">Validado. Control de calidad EMS</subfield>
  </datafield>
  <datafield tag="952" ind1=" " ind2=" ">
    <subfield code="0">0</subfield>
    <subfield code="1">0</subfield>
    <subfield code="5">4</subfield>
    <subfield code="7">0</subfield>
    <subfield code="8">DS</subfield>
    <subfield code="a">GR</subfield>
    <subfield code="b">GR</subfield>
    <subfield code="c">HD</subfield>
    <subfield code="d">2010-02-22</subfield>
    <subfield code="i">LF1</subfield>
    <subfield code="l">0</subfield>
    <subfield code="o">355.825119 A347v, 1983</subfield>
    <subfield code="p">15940-30</subfield>
    <subfield code="r">2020-06-25</subfield>
    <subfield code="t">e.3</subfield>
    <subfield code="w">2020-06-25</subfield>
    <subfield code="y">LFDS</subfield>
    <subfield code="Z">Pr&#xE9;stamo en sala</subfield>
  </datafield>
  <datafield tag="952" ind1=" " ind2=" ">
    <subfield code="0">0</subfield>
    <subfield code="1">0</subfield>
    <subfield code="7">1</subfield>
    <subfield code="8">PD</subfield>
    <subfield code="a">PD</subfield>
    <subfield code="b">PD</subfield>
    <subfield code="c">HD</subfield>
    <subfield code="d">2010-02-22</subfield>
    <subfield code="i">LF1</subfield>
    <subfield code="l">0</subfield>
    <subfield code="o">355.825119 A347v, 1983</subfield>
    <subfield code="p">15940-10</subfield>
    <subfield code="r">2020-06-25</subfield>
    <subfield code="w">2020-06-25</subfield>
    <subfield code="y">LFPD</subfield>
    <subfield code="Z">No se presta</subfield>
  </datafield>
  <datafield tag="952" ind1=" " ind2=" ">
    <subfield code="0">0</subfield>
    <subfield code="1">0</subfield>
    <subfield code="7">1</subfield>
    <subfield code="8">PD</subfield>
    <subfield code="a">PD</subfield>
    <subfield code="b">PD</subfield>
    <subfield code="c">HD</subfield>
    <subfield code="d">2010-02-22</subfield>
    <subfield code="i">LF1</subfield>
    <subfield code="l">0</subfield>
    <subfield code="o">355.825119 A347v, 1983</subfield>
    <subfield code="p">15940-20</subfield>
    <subfield code="r">2020-06-25</subfield>
    <subfield code="t">e.2</subfield>
    <subfield code="w">2020-06-25</subfield>
    <subfield code="y">LFPD</subfield>
    <subfield code="Z">No se presta</subfield>
  </datafield>
  <datafield tag="999" ind1=" " ind2=" ">
    <subfield code="c">15482</subfield>
    <subfield code="d">15482</subfield>
  </datafield>
</record>
